| 000 | 00673nam a2200205 u 4500 | ||
|---|---|---|---|
| 001 | 000286783 | ||
| 003 | AM-YEHGA | ||
| 005 | 20250617163814.0 | ||
| 008 | 031121s1962 ai |||||||||||||rus d | ||
| 040 | _aAM-YeHGA | ||
| 041 | 0 | _arus | |
| 100 | 1 | _aКожевников, Владимир Александрович | |
| 245 | 1 | 0 |
_aЛаос / _cВ.А. Кожевников, Л.А. Седов. |
| 260 |
_aМосква : _bГеографгиз, _c1962. |
||
| 300 | _a46 с. | ||
| 440 | 0 | _aУ карты мира | |
| 650 | 1 | 4 | _aЭкономика народного хозяйства |
| 700 | 1 | _aСедов, Леонид Александрович. | |
| 090 | _c516468 | ||
| 999 |
_c512953 _d512953 |
||